| 000 | 00430nam a2200169Ia 4500 | ||
|---|---|---|---|
| 008 | 160803s9999 xx 000 0 und d | ||
| 020 | _a9780590445528 | ||
| 100 | _aMcGraw, Eloise Jarvis | ||
| 245 | 4 | _aThe golden goblet / | |
| 245 | _cby Eloise Jarvis McGraw. | ||
| 260 | _aNew York : | ||
| 260 | _bScholastic Inc. | ||
| 260 | _c1961 | ||
| 300 | _a248 pages : | ||
| 650 | _aDetective and mystery stories. | ||
| 700 | _a930 | ||
| 999 |
_c298485 _d298485 |
||